Scritti di storia del diritto italiano

Salvato in:
Dettagli Bibliografici
Autore principale: Torelli, Pietro (Autore)
Natura: Libro
Lingua:spagnolo
Pubblicazione: Milán Dott A. Giuffré 1959
Serie:Seminario giuridico della Universitá de Bologna, 21
Soggetti:
Tags: Aggiungi Tag
Nessun Tag, puoi essere il primo ad aggiungerne!!

MARC

LEADER 00000nam a2200000 a 4500
001 UCS7682
003 CL-VaPUC
008 971017e19590000IT |||||||||||||||||spa|d
082 0 4 |a 340.0945  |b TOR  |2 21 
100 0 |a Torelli, Pietro  |e author  |9 392718 
245 1 0 |a Scritti di storia del diritto italiano 
300 |a 714 p 
942 |c BK 
945 |d 19971017 00:00:00  |a aolguin 
260 |a Milán  |b Dott A. Giuffré  |c 1959 
650 0 |a Derecho italiano  |9 385337 
650 0 |a Historia  |9 255047 
650 0 |a Teoría del derecho  |9 255982 
650 0 |a Codificación   |9 258568 
650 0 |a Derecho romano  |9 255930 
650 0 |a Derecho medieval  |9 314261 
651 0 |a Italia  |9 254949 
583 |a last modification  |c 19971017 00:00:00  |k Rodrigo Vera 
490 0 |a Seminario giuridico della Universitá de Bologna, 21 
999 |c 262592  |d 262590 
952 |0 0  |1 0  |4 0  |6 340_094500000000000_TOR_1959  |7 0  |8 DER_HIS  |9 291277  |a BIBDER  |b BIBDER  |d 2019-11-19  |i 1888803  |o 340.0945 TOR 1959  |p 1888803  |r 2023-01-25  |w 2019-11-19  |x Ubicación 4to Piso  |y BK  |z Estos recursos deben solicitarse con anticipación  |k DER